Quizzes
Events
Quiz Creation
Community
Videos
Private Events
Remove Ads
Sign In
Join for FREE
Feedback
Dark Mode
Quiz Categories
Sports
Geography
Music
Movies
Television
Just For Fun
Miscellaneous
History
Literature
Language
Science
Gaming
Entertainment
Religion
Holiday
For Kids
Quiz Lab
Recent
Popular Today
Quiz Kudos Today
Editor Picks
Curator Picks
Quizzes by...
Day
Popularity
Type
Ratings
Length
Year
Community
Subscriptions
Recent Discussions
Orange Saloon
Badges
Playlists
Quests
Create
Leaderboards
Showdown
Live 5
Trivia Bingo
Activity
Puzzle Library
Sporcle Events
Private Events
Virtual Trivia
Globe League
Become a Host
Pub Owners
SporcleCon
Opinionation
Our Games
Videos
Blog
Mobile Apps
Partnerships
Remove Ads and Go Orange
Feedback
Music
Pop Music
The Beatles
Song
Album
Lyrics
Bands
Singers
Artist
Clip
Rock
Rap
Classical
Billboard
Country Music
Kpop
Taylor Swift
Music
Pop Music
The Beatles
Song
Album
Lyrics
Bands
Singers
Artist
Clip
Rock
Rap
Classical
Billboard
Country Music
Kpop
Taylor Swift
Random Quiz
Search Sporcle
×
Quiz Lab
Quiz Lab
Music
Pop Music
Type in answers that appear in a list
Type in answers that appear in a list
Classic
Best Score? Go Orange.
Janet Jackson Top 40 Hits (USA) Stats
Can you name Miss Jackson's Top 40 Hits?
By
beatles1964
13m
37 Questions
139 Plays
139 Plays
139 Plays
Comments
Comments
Give Quiz Kudos
Give Quiz Kudos
-
- Ratings
hide this ad
Replay
Link that replays current quiz
Next Quiz
Link to next quiz in quiz playlist
You Got
0%
They Got
Avg Score
70%
Avg Friend Score
Upgrade to see
Score Distribution
Jump to the score distribution portion of the page
Score
0/37
Timer
13:00
0
Plays Today
Album
Song
% Correct
Control (1986)
Control
95.7%
Rhythm Nation 1814 (1989)
Rhythm Nation
95%
Control (1986)
Nasty
92.8%
All for You (2001)
All For You
92.1%
Duet/
Featured Artist
Scream
90.6%
Janet (1993)
That's the Way Love Goes
87.1%
Control (1986)
What Have You Done for Me Lately
85.6%
Rhythm Nation 1814 (1989)
Black Cat
85.6%
Rhythm Nation 1814 (1989)
Escapade
84.9%
Rhythm Nation 1814 (1989)
Love Will Never Do (Without You)
84.9%
Rhythm Nation 1814 (1989)
Miss You Much
84.2%
Janet (1993)
Again
84.2%
Janet (1993)
If
83.5%
Control (1986)
When I Think of You
82.7%
Control (1986)
Let's Wait Awhile
82%
Control (1986)
Pleasure Principle
74.8%
The Velvet Rope (1997)
Together Again
72.7%
Rhythm Nation 1814 (1989)
Come Back to Me
70.5%
Rhythm Nation 1814 (1989)
Alright
69.8%
Album
Song
% Correct
Soundtrack/
Compilation
Doesn't Really Matter
66.9%
Janet (1993)
Any Time, Any Place
66.2%
The Velvet Rope (1997)
Got 'Til It's Gone
63.3%
All for You (2001)
Someone to Call My Lover
63.3%
Duet/
Featured Artist
Diamonds
63.3%
The Velvet Rope (1997)
I Get Lonely
62.6%
Discipline (2008)
Feedback
61.9%
Soundtrack/
Compilation
Runaway
59.7%
All for You (2001)
Son of a Gun (I Betcha Think This Song is About You)
59.7%
Janet (1993)
Because of Love
56.8%
Soundtrack/
Compilation
The Best Things in Life Are Free
56.8%
Duet/
Featured Artist
What's It Gonna Be?!
56.8%
Janet (1993)
You Want This
56.1%
Rhythm Nation 1814 (1989)
State of the World
53.2%
The Velvet Rope (1997)
Go Deep
51.8%
20 Years (Y.O.) (2006)
Call on Me
48.9%
Duet/
Featured Artist
Feel it Boy
36%
Janet (1993)
Where Are You Now
35.3%
Quiz Playlist
Details
Report
Send in Message
Add To Playlist
Classic:
Type in answers that appear in a list
Last Updated: Sep 2, 2017
Quiz Scoreboard
CHALLENGE
Sign Up to Join the Scoreboard
Show All
Scores
Hide
Comments
May contain spoilers
Recently Published
Movies - When Are They Set?
by FPL_Elf
Movies
5m
Popular People in 1961
by mucciniale
History
6m
1-10 Letter E Words III
by El_Dandy
Language
2m
More to Explore
Quiz From the Vault
Featured Blog Post
Where Did the Easter Bunny Come From?
hide this ad
You Might Also Like...
Tags
Pop Music Quiz
1980s
1990s
2000s
Janet Jackson
Top 40
Top Billboard
US Billboard
Today's Top Quizzes in Music
Browse Music
hide this ad
Today's Top Quizzes in Pop Music
Browse Pop Music
Top Contributed Quizzes in Music
1
Taylor Swift All Songs (2024)
2
2010s Album by Cover III
3
One Thing in Common: Music
4
Taylor Swift Logic Puzzle
5
Guess the Artist- 70s Songs
6
2010s Album by Cover IV
7
Guess the Taylor Swift song (Mystery Song)
8
2010s Album by Cover V
9
Lana Del Rey Discography (BTD to DYKTTATUOB)
10
2010s Album by Cover VI
Explore More
Trending Topics
Kpop
Anime
Disney
Harry Potter
NBA
Marvel
Crossword
Soccer
NFL
WWE
Country
Pokémon
Song
Puzzle
The Office
hide this ad
More By:
beatles1964
Quiz
Plays
Rating
Category
Featured
Created
Last 60 All-NBA First Teams
241,603
4.79
Sports
Apr 28, 2016
Last 20 All-NBA Teams (1st, 2nd, & 3rd)
31,839
4.93
Sports
Jun 3, 2019
All-NBA First Team (Minefield!)
31,027
4.17
Sports
Mar 23, 2016
100 Greatest: NBA Players (See Game Note)
23,557
4.89
Sports
Jun 27, 2017
ESPN NBA Rank: Top 30 for Last 10 Seasons
17,518
4.83
Sports
Sep 21, 2018
Go to Creator's Profile
Score Distribution
Quiz Creator Spotlight
beatles1964
Follow
Send a Message
Quizzes Created
-
Created Quiz Play Count
-
More By This Creator
Popular Quizzes Today
1
Find the US States - No Outlines Minefield
2
Find the Countries of Europe - No Outlines Minefield
3
The Countries of the World
4
Popular People in 1961
5
1-10 Letter E Words III
6
US States
7
Find the US States
8
One Thing in Common: World Cities II
More Music Quizzes
'Crazy Rap' States by order of mention***
Quiz Lab
Trending Quizzes
Risky Map Clicking: Least Populous States A-Z
1-10 Letter F Words
Humor Books: The Subtitles
1-10 Letter G Words
One Thing in Common: United Kingdom
Recently Updated
Leaping Animals
pecheneg
Reality TV Shows (A-Z)
bhenderson79
Rickey Henderson's Hall of Fame Teammates
pecheneg
Champions League XIs: Arsenal
pecheneg
Quick Pick: Celebrities in WWE's Hall of Fame
aduchscher
A-Z Keypad Blitz II
pecheneg
Multiple Oscar Actors
pecheneg
Mystery Phrase Blitz: Oscar 'Best Actors'
pecheneg
F. Scott Fitzgerald Novels
LTH
Pick 3 Villains
ddd62291
Trending Topics
Anime
Disney
Kpop
Harry Potter
Marvel
NBA
Crossword
NFL
Puzzle
WWE
Soccer
Pokémon
The Office
Country
Song
Your Account Isn't Verified!
In order to create a playlist on Sporcle, you need to verify the email address you used during registration. Go to your
Sporcle Settings
to finish the process.
Report this User
Report this user for behavior that violates our
Community Guidelines
.
Details:
Send Report
Go to the Sporcle.com Mobile Site →
Comments